La ruina de la banca estatal : (Registro nro. 12087)
[ vista simple ]
| 000 -LEADER | |
|---|---|
| fixed length control field | 01319cam a2200265 a 4500 |
| 003 - CONTROL NUMBER IDENTIFIER | |
| control field | OSt |
| 005 - DATE AND TIME OF LATEST TRANSACTION | |
| control field | 20210802122908.0 |
| 008 - FIXED-LENGTH DATA ELEMENTS--GENERAL INFORMATION | |
| fixed length control field | 020206s2001 ck r 000 0 spa d |
| 020 ## - INTERNATIONAL STANDARD BOOK NUMBER | |
| International Standard Book Number | 9586823644 |
| 040 ## - CATALOGING SOURCE | |
| Original cataloging agency | CO-BoPUJ |
| Transcribing agency | CO-JMCR |
| 041 0# - LANGUAGE CODE | |
| Language code of text/sound track or separate title | spa |
| 082 04 - DEWEY DECIMAL CLASSIFICATION NUMBER | |
| Classification number | 364.168 / |
| Item number | L925r |
| Edition number | 23 |
| 100 1# - MAIN ENTRY--PERSONAL NAME | |
| Personal name | López, Rolando, |
| Relator term | autor |
| 9 (RLIN) | 14411 |
| 245 13 - TITLE STATEMENT | |
| Title | La ruina de la banca estatal : |
| Remainder of title | los casos del BCH y BanEstado / |
| Statement of responsibility, etc. | Rolando López ; prólogo Carlos Ossa Escobar |
| 250 ## - EDITION STATEMENT | |
| Edition statement | Primera edición. |
| 260 ## - PUBLICATION, DISTRIBUTION, ETC. | |
| Place of publication, distribution, etc. | Bogotá : |
| Name of publisher, distributor, etc. | Contraloría General de la República, |
| Date of publication, distribution, etc. | 2001. |
| 300 ## - PHYSICAL DESCRIPTION | |
| Extent | xiv, 108 páginas ; |
| Dimensions | 21 cm. |
| 490 0# - SERIES STATEMENT | |
| Series statement | Crónicas de la corrupción |
| 505 0# - FORMATTED CONTENTS NOTE | |
| Formatted contents note | ¿Banco del Estado... O Banca en mal estado?. -- Banco central hipotecario: el fin de una era. |
| 520 0# - SUMMARY, ETC. | |
| Summary, etc. | La ruina de la Banca Estatal presenta, de manera sencilla, los principales casos de malos manejos que, junto con las fallas de las políticas públicas del sector financiero y los problemas macroeconómicos del país, causaron el cierre de los Bancos Central Hipotecario y del Estado, dos de las más importantes entidades financieras estatales. |
| 650 24 - SUBJECT ADDED ENTRY--TOPICAL TERM | |
| Topical term or geographic name entry element | Corrupción administrativa |
| Geographic subdivision | Colombia |
| 9 (RLIN) | 13670 |
| 650 24 - SUBJECT ADDED ENTRY--TOPICAL TERM | |
| Topical term or geographic name entry element | Bancos |
| Geographic subdivision | Colombia |
| General subdivision | Administración |
| 9 (RLIN) | 38978 |
| 700 1# - ADDED ENTRY--PERSONAL NAME | |
| Personal name | Ossa Escobar, Carlos |
| Relator term | prologuista |
| 9 (RLIN) | 38979 |
| 942 ## - ADDED ENTRY ELEMENTS (KOHA) | |
| Source of classification or shelving scheme | Dewey Decimal Classification |
| Koha item type | Books |
| Withdrawn status | Lost status | Source of classification or shelving scheme | Damaged status | Not for loan | Home library | Current library | Shelving location | Date acquired | Source of acquisition | Full call number | Barcode | Date last seen | Copy number | Price effective from | Koha item type |
|---|---|---|---|---|---|---|---|---|---|---|---|---|---|---|---|
| Dewey Decimal Classification | Biblioteca Pública José María del Castillo y Rada | Biblioteca Pública José María del Castillo y Rada | General Stacks | 04/15/2018 | Donación | 364.168 / L925r | 430013195 | 05/16/2024 | Ej.1 | 03/10/2021 | Books |